Race Winning Cars by Picture -Formula 1 - Statistics

General Stats
  • This quiz has been taken 45 times
  • The average score is 26 of 268
Answer Stats
Picture Hint Answer % Correct
Race Wins: 21 RB19
92%
Race Wins: 17 RB18
69%
Race Wins: 15 F2004
62%
Race Wins: 15 MP4-4
62%
Race Wins: 19 W07
62%
Race Wins: 13 W11
62%
Race Wins: 14 F2002
54%
Race Wins: 14 MCL39
54%
Race Wins: 12 RB7
54%
Race Wins: 13 RB9
54%
Race Wins: 16 W05
54%
Race Wins: 16 W06
54%
Race Wins: 15 W10
54%
Race Wins: 10 MP4-5
46%
Race Wins: 11 RB16B
46%
Race Wins: 12 W08
46%
Race Wins: 11 W09
46%
Race Wins: 10 F1-2000
38%
Race Wins: 12 MP4-2
38%
Race Wins: 9 F2001
31%
Race Wins: 9 W12
31%
Race Wins: 9 312T
23%
Race Wins: 8 BGP 001
23%
Race Wins: 10 FW14B
23%
Race Wins: 10 FW15C
23%
Race Wins: 12 FW18
23%
Race Wins: 8 MP4-6
23%
Race Wins: 9 RB20
23%
Race Wins: 8 RB21
23%
Race Wins: 9 RB6
23%
Race Wins: 7 RB8
23%
Race Wins: 1 SF-23
23%
Race Wins: 11 B195
15%
Race Wins: 9 F2007
15%
Race Wins: 8 F2008
15%
Race Wins: 9 FW11
15%
Race Wins: 16 M23
15%
Race Wins: 1 MCL35M
15%
Race Wins: 6 MCL38
15%
Race Wins: 10 MP4-20
15%
Race Wins: 6 MP4-2B
15%
Race Wins: 6 MP4-5B
15%
Race Wins: 5 MP4-7
15%
Race Wins: 5 MP4-8
15%
Race Wins: 1 R24
15%
Race Wins: 8 R25
15%
Race Wins: 8 R26
15%
Race Wins: 1 RA272
15%
Race Wins: 2 RB12
15%
Race Wins: 2 RB16
15%
Race Wins: 6 RB5
15%
Race Wins: 5 SF-24
15%
Race Wins: 5 SF70H
15%
Race Wins: 1 W13
15%
Race Wins: 2 W16
15%
Race Wins: 9 W196
15%
Race Wins: 1 002
8%
Race Wins: 8 003
8%
Race Wins: 5 006
8%
Race Wins: 1 008
8%
Race Wins: 1 150º Italia
8%
Race Wins: 2 158
8%
Race Wins: 1 198
8%
Race Wins: 2 199
8%
Race Wins: 11 25
8%
Race Wins: 8 312T2
8%
Race Wins: 4 312T3
8%
Race Wins: 6 312T4
8%
Race Wins: 6 49
8%
Race Wins: 5 49B
8%
Race Wins: 14 500
8%
Race Wins: 5 72C
8%
Race Wins: 7 72D
8%
Race Wins: 8 72E
8%
Race Wins: 7 78
8%
Race Wins: 6 79
8%
Race Wins: 1 A522
8%
Race Wins: 1 AT01
8%
Race Wins: 1 B189
8%
Race Wins: 2 B190
8%
Race Wins: 1 B191
8%
Race Wins: 1 B192
8%
Race Wins: 1 B193B
8%
Race Wins: 8 B194
8%
Race Wins: 1 B197
8%
Race Wins: 4 BT19
8%
Race Wins: 1 BT20
8%
Race Wins: 3 BT24
8%
Race Wins: 1 BT46
8%
Race Wins: 1 BT46B
8%
Race Wins: 3 BT49
8%
Race Wins: 3 BT49C
8%
Race Wins: 1 BT49D
8%
Race Wins: 1 BT50
8%
Race Wins: 1 BT52
8%
Race Wins: 3 BT52B
8%
Race Wins: 2 BT53
8%
Race Wins: 2 BT7
8%
Race Wins: 1 E20
8%
Race Wins: 1 E21
8%
Race Wins: 1 EJ13
8%
Race Wins: 5 F10
8%
Race Wins: 1 F1.08
8%
Race Wins: 4 F1-75
8%
Race Wins: 1 F2001B
8%
Race Wins: 2 F2002B
8%
Race Wins: 6 F2003-GA
8%
Race Wins: 1 F2005
8%
Race Wins: 1 F60
8%
Race Wins: 6 FW07
8%
Race Wins: 4 FW07C
8%
Race Wins: 1 FW08
8%
Race Wins: 4 FW10
8%
Race Wins: 9 FW11B
8%
Race Wins: 1 FW12C
8%
Race Wins: 1 FW13
8%
Race Wins: 2 FW13B
8%
Race Wins: 7 FW14
8%
Race Wins: 7 FW16
8%
Race Wins: 5 FW17
8%
Race Wins: 8 FW19
8%
Race Wins: 4 FW23
8%
Race Wins: 1 FW24
8%
Race Wins: 4 FW25
8%
Race Wins: 1 FW26
8%
Race Wins: 1 FW34
8%
Race Wins: 5 Lancia D50
8%
Race Wins: 3 M26
8%
Race Wins: 1 MP4-1
8%
Race Wins: 3 MP4-12
8%
Race Wins: 9 MP4-13
8%
Race Wins: 7 MP4-14
8%
Race Wins: 7 MP4-15
8%
Race Wins: 4 MP4-16
8%
Race Wins: 1 MP4-17
8%
Race Wins: 2 MP4-17D
8%
Race Wins: 1 MP4-19
8%
Race Wins: 4 MP4-1B
8%
Race Wins: 1 MP4-1C
8%
Race Wins: 8 MP4-22
8%
Race Wins: 6 MP4-23
8%
MP4-24
8%
Race Wins: 5 MP4-25
8%
Race Wins: 6 MP4-26
8%
Race Wins: 7 MP4-27
8%
Race Wins: 4 MP4-2C
8%
Race Wins: 3 MP4-3
8%
Race Wins: 1 P34
8%
Race Wins: 1 PC4
8%
Race Wins: 1 R23
8%
Race Wins: 2 R28
8%
Race Wins: 3 RB10
8%
Race Wins: 3 RB13
8%
Race Wins: 4 RB14
8%
Race Wins: 3 RB15
8%
Race Wins: 1 RP20
8%
Race Wins: 3 SF15-T
8%
Race Wins: 6 SF71H
8%
Race Wins: 3 SF90
8%
Race Wins: 1 STR3
8%
Race Wins: 1 T1G
8%
Race Wins: 9 VW5
8%
Race Wins: 3 W04
8%
Race Wins: 4 W15
8%
Race Wins: 2 005
0%
Race Wins: 3 007
0%
Race Wins: 1 011
0%
Race Wins: 1 011B
0%
Race Wins: 3 126C2
0%
Race Wins: 2 126C2B
0%
Race Wins: 2 126C3
0%
Race Wins: 1 126C4
0%
Race Wins: 2 126CK
0%
Race Wins: 7 156
0%
Race Wins: 2 156-85
0%
Race Wins: 3 18
0%
Race Wins: 1 18-21
0%
Race Wins: 1 21
0%
Race Wins: 5 246
0%
Race Wins: 9 248
0%
Race Wins: 11 250F
0%
Race Wins: 1 308
0%
Race Wins: 3 312
0%
Race Wins: 5 312B
0%
Race Wins: 2 312B2
0%
Race Wins: 3 312B3
0%
Race Wins: 8 33
0%
Race Wins: 3 375
0%
Race Wins: 1 412T1
0%
Race Wins: 1 412T2
0%
Race Wins: 1 43
0%
Race Wins: 1 49C
0%
Race Wins: 1 553
0%
Race Wins: 1 555
0%
Race Wins: 1 625 F1
0%
Race Wins: 3 640
0%
Race Wins: 6 641
0%
Race Wins: 1 701
0%
Race Wins: 1 751
0%
Race Wins: 1 761
0%
Race Wins: 1 77
0%
Race Wins: 1 804
0%
Race Wins: 1 91
0%
Race Wins: 3 97T
0%
Race Wins: 2 98T
0%
Race Wins: 2 99T
0%
Race Wins: 1 A6GCM
0%
Race Wins: 1 (Indianapolis 500) Agajanian Special
0%
Race Wins: 6 Alfetta 158
0%
Race Wins: 2 Alfetta 159
0%
Race Wins: 1 Alfetta 159M
0%
Race Wins: 1 B186
0%
Race Wins: 1 (Indianapolis 500) Belanger Motors Special
0%
Race Wins: 1 (Indianapolis 500) Belond AP Special
0%
Race Wins: 1 (Indianapolis 500) Belond Exhaust Special
0%
Race Wins: 2 BT26A
0%
Race Wins: 1 BT33
0%
Race Wins: 3 BT44
0%
Race Wins: 2 BT44B
0%
Race Wins: 1 BT54
0%
Race Wins: 1 DN8
0%
Race Wins: 2 F148
0%
Race Wins: 2 F1-87
0%
Race Wins: 1 F1-87-88C
0%
Race Wins: 3 F2012
0%
Race Wins: 6 F300
0%
Race Wins: 3 F310
0%
Race Wins: 5 F310B
0%
Race Wins: 6 F399
0%
Race Wins: 2 (Indianapolis 500) Fuel Injection Special
0%
Race Wins: 5 FW07B
0%
Race Wins: 1 FW08C
0%
Race Wins: 1 FW09
0%
Race Wins: 2 (Indianapolis 500) John Zink Special
0%
Race Wins: 3 JS11
0%
Race Wins: 2 JS11-15
0%
Race Wins: 2 JS17
0%
Race Wins: 1 JS43
0%
Race Wins: 1 JS7
0%
Race Wins: 1 (Indianapolis 500) Ken-Paul Special
0%
Race Wins: 1 (Indianapolis 500) Leader Card 500 Special
0%
Race Wins: 1 M19A
0%
Race Wins: 4 M7A
0%
Race Wins: 3 MS10
0%
Race Wins: 2 MS80
0%
Race Wins: 4 MS84
0%
Race Wins: 1 P153
0%
Race Wins: 2 P160
0%
Race Wins: 1 P160B
0%
Race Wins: 1 P25
0%
Race Wins: 6 P261
0%
Race Wins: 6 P57
0%
Race Wins: 1 RA106
0%
Race Wins: 1 RA300
0%
Race Wins: 3 RE20
0%
Race Wins: 3 RE30
0%
Race Wins: 4 RE30B
0%
Race Wins: 4 RE40
0%
Race Wins: 1 RS10
0%
Race Wins: 1 SF3
0%
Race Wins: 1 T43
0%
Race Wins: 1 T45
0%
Race Wins: 6 T51
0%
Race Wins: 5 T53
0%
Race Wins: 1 T60
0%
Race Wins: 2 T81
0%
Race Wins: 3 WR1
0%
Race Wins: 1 (Indianapolis 500) Wynn's Friction Proofing Special
0%
No matching quizzes found
Score Distribution
Percent of People with Each Score
Percentile by Number Answered
Your Score History
You have not taken this quiz